000 00321nam a2200133Ia 4500
005 20251222155143.0
008 251222s9999||||xx |||||||||||||| ||spa||
082 _aMIC.23
100 _aPUMAROLA A. GARCIA.
245 0 _aMicrobiología y parasitología médica
250 _a2da. ed.
264 _bSalvat
942 _cLIB
999 _c39262
_d39262